Statistics for Drug Related Deaths by Country

Click here to take the quiz!

General Stats

  • This quiz has been taken 48 times
  • The average score is 9 of 20

Answer Stats

RankCountryRate% Correct
1United States21.3
100%
16United Kingdom4.2
93%
7Russia5.4
89%
2Canada8.7
84%
18Sweden4.1
73%
3Australia6.6
66%
10Finland4.5
66%
20Ireland3.4
66%
11Norway4.4
66%
6Estonia5.7
43%
12Iceland4.4
41%
17Lithuania4.1
41%
5Nigeria5.8
36%
19Kazakhstan3.7
34%
8Cameroon5.3
9%
14Lebanon4.3
7%
13Ivory Coast4.3
5%
4Libya6.2
5%
9United Arab Emirates5
5%
15Equatorial Guinea4.2
2%

Score Distribution

Percentile by Number Answered

Percent of People with Each Score

Your Score History

You have not taken this quiz